|
|
|
|
| LEADER |
00000cac a2200000 i 4500 |
| 003 |
Ucuenca |
| 005 |
20231110062733.0 |
| 006 |
a||||gr|||| 001 pd |
| 007 |
ta |
| 008 |
005012|2004 ec ||||gr|||||||1|pdspa|a |
| 999 |
|
|
|c 114806
|d 114806
|
| 020 |
|
|
|a 9978-14-095-6
|
| 040 |
|
|
|b spa
|a UCuenca-cdrjbv
|c UCuenca
|e rda
|
| 041 |
0 |
|
|a spa
|h spa
|
| 082 |
0 |
|
|a E861.4
|
| 100 |
1 |
|
|a Ordóñez Luna, Franklin
|d 1973-
|9 101126
|
| 245 |
1 |
|
|a A la sombra del corsario /
|c Franklin Ordóñez Luna.
|
| 250 |
|
|
|a Primera edición
|
| 264 |
|
|
|a Cuenca:
|b Universidad de Cuenca,
|c 2004.
|c @2004
|
| 300 |
|
|
|a 44 páginas:
|c 21 cm
|
| 336 |
|
|
|2 rdacontent
|a texto
|b txt
|
| 337 |
|
|
|2 rdamedia
|a no mediado
|b n
|
| 338 |
|
|
|2 rdacarrier
|a volumen
|b nc
|
| 490 |
|
|
|a La (h)onda de David
|v no. 12
|
| 505 |
1 |
|
|a Noche de Lesbos -- Los amantes -- Ticio, aedo cretense -- La aldea donde juega Cástor -- Noche en el Edén.
|
| 650 |
1 |
7 |
|a Poesía ecuatoriana
|9 618
|
| 650 |
1 |
0 |
|a Literatura ecuatoriana
|9 307
|
| 852 |
|
|
|a UC-CDJBV
|f Donación
|l 1
|m General
|p 20050124
|q 1,00
|r 8
|t 103849
|b 0
|d CDRC
|e CDRC
|g E861.4 TERCER PISO
|z 2005-50-12
|
| 942 |
|
|
|c CR
|2 ddc
|r teodoro.astudillo@ucuenca.edu.ec
|